| 000 | 00574nam a2200181Ia 4500 | ||
|---|---|---|---|
| 003 | GCL | ||
| 008 | 140319s9999 xx 000 0 ara d | ||
| 040 |
_aGCL / _cGCL |
||
| 082 | 0 | 4 |
_a808.83 _bس ا |
| 100 | 1 | _aنظمى لوقا | |
| 245 | 1 | 0 |
_aانياب التنين : (هدية من الاديب عبدالفتاح الجمل) / _cنظمى لوقا |
| 700 | 1 | _aسنكلير، ابتون | |
| 300 | _a588 ص | ||
| 490 |
_aسلسلة الجوائز العالمية _v0 |
||
| 650 | 0 | 4 | _aالادب |
| 650 | 0 | 4 | _aالادب العالمى المترجم |
| 942 |
_2ddc _cBK |
||
| 999 |
_c41107 _d41107 |
||